Depresión : ¿enfermedad o crisis? : una perspectiva psicoanalítica /

Obra que presenta el estado de la cuestión de la depresión en términos teóricos, desde los distintos enfoques psicoanalíticos, y propone un modelo para concebir la problemática depresiva estructuralmente, vinculada a las vicisitudes del narcicismo, la relación con los ideales, las complejizaciones i...

Descrizione completa

Salvato in:
Dettagli Bibliografici
Autore principale: Winograd, Benzión (autor)
Altri autori: Bleichmar, Hugo (prólogo) (prólogo)
Natura: Libro
Lingua:spagnolo
Pubblicazione: Buenos Aires, Argentina : Paidós, 2005, c2005
Serie:(Psicología Profunda ; 242)
Soggetti:
Tags: Aggiungi Tag
Nessun Tag, puoi essere il primo ad aggiungerne!!

MARC

LEADER 00000nam^a2200000^a^4500
001 000182997
005 20250521000000.0
009 20260310102027.539
020 |a 950-12-4242-0 
037 |a Acervo ITESO - Biblioteca 
041 |a ESP 
082 |a 150. 195  |b WIN 
100 |a Winograd, Benzión  |e (autor) 
245 1 0 |a Depresión :  |b ¿enfermedad o crisis? : una perspectiva psicoanalítica /  |c B. Winograd ; pról. de H. Bleichmar. 
264 4 |a Buenos Aires, Argentina :  |b Paidós,  |c 2005, c2005 
300 |a 312 p. 
336 |a texto  |b txt  |2 rdacontenido 
337 |a sin mediación  |b n  |2 rdamedio 
338 |a volumen  |b nc  |2 rdasoporte 
440 1 |a (Psicología Profunda ;  |v 242) 
520 |a Obra que presenta el estado de la cuestión de la depresión en términos teóricos, desde los distintos enfoques psicoanalíticos, y propone un modelo para concebir la problemática depresiva estructuralmente, vinculada a las vicisitudes del narcicismo, la relación con los ideales, las complejizaciones inconscientes, los procesos identificatorios y la modalidad de procesamiento de las pérdidas y no con la sintomatología o la causalidad del paciente. 
521 |a EEnlace Departamento de Psicología, Educación y Salud 2016 
649 |a XX 
650 |a Depresión -  |x Teoría 
650 |a Psicoanálisis -  |x Teoría 
650 |a Psicoterapia Psicoanalítica 
650 |a Psicología Clínica -  |x Teoría 
700 |a Bleichmar, Hugo  |e (prólogo) 
910 |a Fondo General 
920 |a Impresos - Libros 
930 |a Colección General 
905 |a 101 
901 |a 0500123082  |b IT1  |c ACC  |u 20250521 
902 |a https://opac.biblio.iteso.mx/vufind/Record/000182997